[Event "M.Chigorin Memorial 2014"]
[Site "St. Petersburg"]
[Date "2014.10.20"]
[Round "3.25"]
[White "Gogolev, Artem"]
[Black "Ulko, Jaroslav"]
[Result "1/2-1/2"]
[WhiteElo "2253"]
[BlackElo "2489"]
[PlyCount "135"]
[EventDate "2014.10.18"]
[EventType "swiss"]
[EventCountry "RUS"]

1. Nf3 Nf6 2. c4 e6 3. g3 d5 4. Bg2 Nbd7 5. cxd5 exd5 6. O-O c6 7. d3 Be7 8.
Re1 O-O 9. Qc2 Nc5 10. Nd4 a5 11. Bg5 Qb6 12. e4 Qb4 13. Nf3 dxe4 14. Bd2 Qb5
15. dxe4 Nd3 16. Rd1 Nb4 17. Bxb4 axb4 18. Nbd2 Ng4 19. h3 Ne5 20. Nxe5 Qxe5
21. Kh2 Qc5 22. Qxc5 Bxc5 23. f4 Be6 24. Nb3 Bb6 25. f5 Bc4 26. Bf3 Rfd8 27.
Rxd8+ Rxd8 28. Rd1 Rxd1 29. Bxd1 Bd3 30. Bf3 Bb1 31. a3 bxa3 32. bxa3 Kf8 33.
g4 Ke7 34. e5 Bc7 35. Kg2 Bxe5 36. Na5 c5 37. Nc4 Bc3 38. Bxb7 g6 39. a4 Ba2
40. a5 Bxc4 41. a6 Bxa6 42. Bxa6 gxf5 43. gxf5 Kd6 44. Bc4 f6 45. Bg8 h5 46.
Kf3 Ke5 47. Be6 Bd2 48. Bc8 h4 49. Bd7 Bg5 50. Bc8 c4 51. Ba6 Kd4 52. Ke2 Kc3
53. Bb5 Kb4 54. Bc6 Kb3 55. Kd1 Kc3 56. Bf3 Kb3 57. Bd5 Kc3 58. Bf3 Kb2 59. Bd5
c3 60. Be4 Kb3 61. Bd5+ Kb4 62. Kc2 Kc5 63. Bf3 Kd4 64. Bg4 Bd2 65. Be2 Ke3 66.
Bh5 Kf4 67. Bg4 Ke4 68. Kd1 1/2-1/2

[Event "M.Chigorin Memorial 2014"]
[Site "St. Petersburg"]
[Date "2014.10.20"]
[Round "3.26"]
[White "Matsenko, Sergei"]
[Black "Siagodnik, Anton"]
[Result "1-0"]
[WhiteElo "2485"]
[BlackElo "2208"]
[PlyCount "69"]
[EventDate "2014.10.18"]
[EventType "swiss"]
[EventCountry "RUS"]

1. Nf3 Nf6 2. c4 g6 3. Nc3 Bg7 4. g3 O-O 5. Bg2 d5 6. cxd5 Nxd5 7. O-O c5 8.
Nxd5 Qxd5 9. d3 Nc6 10. Be3 Qh5 11. Rc1 b6 12. Ng5 Nd4 13. Bxd4 Bxd4 14. Bxa8
Qxg5 15. b3 h5 16. e3 Bg7 17. h4 Qe5 18. Bg2 Rd8 19. d4 cxd4 20. exd4 Qa5 21.
Qe1 Qa3 22. Rc7 Bd7 23. Qc1 Qa6 24. Re1 Bxd4 25. Rxe7 Be6 26. Rxe6 fxe6 27. Qh6
Bxf2+ 28. Kxf2 Qxa2+ 29. Kg1 Qa1+ 30. Kh2 Qf6 31. Qh7+ Kf8 32. Rxa7 e5 33. Ra1
Ke8 34. Rf1 Qe6 35. Bc6+ 1-0

[Event "M.Chigorin Memorial 2014"]
[Site "St. Petersburg"]
[Date "2014.10.20"]
[Round "3.27"]
[White "Chekhov, Sergei"]
[Black "Saveliev, Alexei"]
[Result "0-1"]
[WhiteElo "2474"]
[BlackElo "2207"]
[PlyCount "120"]
[EventDate "2014.10.18"]
[EventType "swiss"]
[EventCountry "RUS"]

1. e4 c5 2. Nf3 d6 3. d4 cxd4 4. Nxd4 Nf6 5. Nc3 a6 6. Bc4 e6 7. Bb3 Be7 8. Be3
Nc6 9. Qe2 Bd7 10. O-O-O O-O 11. Kb1 Qc7 12. g4 b5 13. g5 Ne8 14. f4 b4 15. Na4
Nxd4 16. Bxd4 Bb5 17. Qf2 e5 18. Be3 exf4 19. Bxf4 Rb8 20. Be3 Bxa4 21. Bxa4
Qa5 22. Bxe8 Rbxe8 23. Rd5 Qc7 24. Bd4 f6 25. g6 hxg6 26. Rg1 g5 27. h4 Bd8 28.
Qf3 Qe7 29. Qb3 Qf7 30. hxg5 fxg5 31. Rxd6 Qxb3 32. axb3 Rxe4 33. Rd7 Rxd4 34.
Rxd4 Bb6 35. Rdg4 Bxg1 36. Rxg1 Rf5 37. Rg4 a5 38. c3 bxc3 39. bxc3 Kf7 40. c4
Kg6 41. Kb2 Kh5 42. Rg1 g4 43. Kc3 Kh4 44. Kd4 g3 45. c5 Kh3 46. Rh1+ Kg2 47.
Ra1 Kh2 48. Rxa5 g2 49. Ra2 Kh3 50. Rxg2 Kxg2 51. c6 Kf3 52. b4 g5 53. c7 Rf8
54. b5 g4 55. b6 g3 56. b7 g2 57. b8=Q g1=Q+ 58. Kd5 Qg5+ 59. Kc6 Rf6+ 60. Kd7
Qd5+ 0-1

[Event "M.Chigorin Memorial 2014"]
[Site "St. Petersburg"]
[Date "2014.10.20"]
[Round "3.28"]
[White "Bivol, Alina"]
[Black "Matinian, Nikita"]
[Result "0-1"]
[WhiteElo "2208"]
[BlackElo "2470"]
[PlyCount "150"]
[EventDate "2014.10.18"]
[EventType "swiss"]
[EventCountry "RUS"]

1. e4 d6 2. d4 Nf6 3. Nc3 g6 4. Nf3 Bg7 5. Bg5 h6 6. Bh4 O-O 7. Qd2 c6 8. O-O-O
b5 9. e5 b4 10. exf6 bxc3 11. Qxc3 exf6 12. Bg3 a5 13. Bd3 Bg4 14. Qa3 d5 15.
Bd6 Re8 16. Rde1 Bxf3 17. gxf3 Nd7 18. Rxe8+ Qxe8 19. Qc3 Nf8 20. f4 f5 21. Be5
Ne6 22. Rg1 Kh7 23. Re1 Qd7 24. Qa3 Bxe5 25. Rxe5 Kg7 26. Bf1 Nxf4 27. Re7 Qd8
28. Qe3 Qd6 29. Qe5+ Qxe5 30. dxe5 Ne6 31. Rb7 Kf8 32. c4 a4 33. Rb6 Nd4 34.
cxd5 cxd5 35. Rd6 Ra5 36. Kd1 f4 37. Bg2 f3 38. Bf1 Ke7 39. Bd3 Ne6 40. Rb6 Nc5
41. Bc2 Nd7 42. Rb4 Nxe5 43. Kd2 a3 44. bxa3 Rxa3 45. Bb3 Ra5 46. Kc3 Kd6 47.
Rb6+ Kc5 48. Rb7 g5 49. Rc7+ Kd6 50. Rc8 f5 51. Rd8+ Ke6 52. Re8+ Kf6 53. Rf8+
Kg6 54. Kd4 Nc6+ 55. Ke3 f4+ 56. Kxf3 Nd4+ 57. Kg2 Nxb3 58. axb3 Rb5 59. Rd8
Kf5 60. h4 gxh4 61. Rf8+ Ke4 62. Re8+ Kd3 63. Rf8 d4 64. Rxf4 Rxb3 65. Rxh4 Rb6
66. f4 Kc2 67. f5 d3 68. Rc4+ Kb3 69. Rd4 Kc3 70. Rd7 d2 71. Kf3 Rb1 72. Rc7+
Kd3 73. Rd7+ Kc2 74. Rc7+ Kd1 75. Rd7 Ke1 0-1

[Event "M.Chigorin Memorial 2014"]
[Site "St. Petersburg"]
[Date "2014.10.20"]
[Round "3.29"]
[White "Minasyan, Arnold"]
[Black "Smirnov, Artem"]
[Result "0-1"]
[WhiteElo "2204"]
[BlackElo "2450"]
[PlyCount "76"]
[EventDate "2014.10.18"]
[EventType "swiss"]
[EventCountry "RUS"]

1. e4 c5 2. Nf3 d6 3. d4 cxd4 4. Nxd4 Nf6 5. Nc3 Bd7 6. Bg5 a6 7. f4 e6 8. Qf3
Nc6 9. O-O-O Nxd4 10. Rxd4 Qb6 11. Bxf6 gxf6 12. Qd3 Qc5 13. g3 b5 14. Bg2 Rc8
15. Rd1 b4 16. Nb1 Be7 17. Bf1 O-O 18. Rc4 Qa5 19. Rxc8 Bxc8 20. Qb3 Bb7 21.
Bc4 Qc5 22. f5 Rc8 23. Nd2 d5 24. exd5 exd5 25. Bd3 Bf8 26. Kb1 Bh6 27. Nf3 a5
28. a4 Re8 29. g4 Bf4 30. g5 fxg5 31. f6 h6 32. h4 g4 33. Rg1 Bc8 34. Rg2 Kf8
35. Nd2 Re1+ 36. Ka2 Bxd2 37. Rxd2 Qg1 38. Bf1 Qxf1 0-1

[Event "M.Chigorin Memorial 2014"]
[Site "St. Petersburg"]
[Date "2014.10.20"]
[Round "3.30"]
[White "Alekseev, Evgeny"]
[Black "Pashinsky, Mikhail"]
[Result "1-0"]
[WhiteElo "2682"]
[BlackElo "2190"]
[PlyCount "75"]
[EventDate "2014.10.18"]
[EventType "swiss"]
[EventCountry "RUS"]

1. e4 e6 2. d4 d5 3. Nc3 dxe4 4. Nxe4 Nf6 5. Bd3 Nbd7 6. Nf3 Be7 7. O-O Nxe4 8.
Bxe4 Nf6 9. Bd3 O-O 10. Ne5 c5 11. dxc5 Qd5 12. Qe2 Qxc5 13. Bg5 Nd5 14. Qe4 f5
15. Bxe7 Qxe7 16. Qf3 Qb4 17. Rab1 b5 18. Rfe1 a6 19. a3 Qf4 20. g3 Qh6 21. c4
bxc4 22. Bxc4 Bb7 23. Qb3 Ra7 24. Rbd1 f4 25. Bxd5 exd5 26. Rxd5 Qe6 27. Rd3
Qxb3 28. Rxb3 Ba8 29. Rd1 fxg3 30. hxg3 Re8 31. f4 g5 32. Kf2 h5 33. Rb6 Be4
34. Nd7 Kg7 35. Nf6 Ree7 36. Nxh5+ Kf7 37. fxg5 a5 38. g6+ 1-0

[Event "M.Chigorin Memorial 2014"]
[Site "St. Petersburg"]
[Date "2014.10.20"]
[Round "3.31"]
[White "Gritsayeva, Oksana"]
[Black "Rodshtein, Maxim"]
[Result "0-1"]
[WhiteElo "2364"]
[BlackElo "2678"]
[PlyCount "60"]
[EventDate "2014.10.18"]
[EventType "swiss"]
[EventCountry "RUS"]

1. e4 c5 2. Nf3 Nc6 3. Bb5 e6 4. Bxc6 bxc6 5. d3 Ne7 6. Bd2 Ng6 7. Bc3 f6 8. e5
d6 9. exd6 Bxd6 10. Nbd2 e5 11. Nc4 Be7 12. Ba5 Qd5 13. Ne3 Qf7 14. Nd2 O-O 15.
Nec4 Nf4 16. g3 Ne6 17. Nb3 Rb8 18. c3 Ng5 19. Qe2 e4 20. O-O-O Ba6 21. Nbd2
exd3 22. Qxd3 Nh3 23. Rhf1 Bd8 24. Bxd8 Rfxd8 25. Qf5 Bxc4 26. Nxc4 Qxc4 27.
Qxh3 Rxd1+ 28. Rxd1 Qxa2 29. b4 cxb4 30. Re1 Qa1+ 0-1

[Event "M.Chigorin Memorial 2014"]
[Site "St. Petersburg"]
[Date "2014.10.20"]
[Round "3.32"]
[White "Grachev, Boris"]
[Black "Guseva, Marina"]
[Result "1/2-1/2"]
[WhiteElo "2673"]
[BlackElo "2364"]
[PlyCount "86"]
[EventDate "2014.10.18"]
[EventType "swiss"]
[EventCountry "RUS"]

1. d4 d5 2. c4 c6 3. Nf3 Nf6 4. Nc3 e6 5. Bg5 Nbd7 6. cxd5 exd5 7. e3 Be7 8.
Qc2 Nh5 9. Bxe7 Qxe7 10. O-O-O Nb6 11. Bd3 Be6 12. Kb1 O-O-O 13. Na4 Nf6 14.
Nc5 Nfd7 15. Nxe6 Qxe6 16. a4 a5 17. b3 Qe7 18. Qd2 Qa3 19. Bc2 Kc7 20. Rhe1
Ra8 21. Qc1 Qxc1+ 22. Rxc1 Rae8 23. Bd3 Re7 24. Kb2 g6 25. g4 Nc8 26. Rg1 Nd6
27. Rc2 Rf8 28. Nh4 f5 29. gxf5 gxf5 30. Rg5 f4 31. Ng2 fxe3 32. fxe3 Nf6 33.
Rf2 Nde4 34. Bxe4 Nxe4 35. Rxf8 Nxg5 36. Rf5 h6 37. Kc2 Re4 38. Rf1 Rg4 39. Nf4
Ne4 40. Rb1 Rg8 41. Kd3 Nf2+ 42. Ke2 Ne4 43. Kd3 Nf2+ 1/2-1/2

[Event "M.Chigorin Memorial 2014"]
[Site "St. Petersburg"]
[Date "2014.10.20"]
[Round "3.33"]
[White "Smirin, Ilia"]
[Black "Zhurikhin, Alexander"]
[Result "1/2-1/2"]
[WhiteElo "2655"]
[BlackElo "2347"]
[PlyCount "54"]
[EventDate "2014.10.18"]
[EventType "swiss"]
[EventCountry "RUS"]

1. e4 e5 2. Nf3 Nc6 3. Bb5 Nf6 4. d3 Bc5 5. c3 O-O 6. O-O Re8 7. Bg5 h6 8. Bh4
Be7 9. Bxc6 dxc6 10. Nxe5 Nxe4 11. Nxf7 Kxf7 12. Bxe7 Rxe7 13. dxe4 Qxd1 14.
Rxd1 Rxe4 15. Nd2 Re8 16. f3 Be6 17. Kf2 Rad8 18. a3 Rd5 19. Nf1 g5 20. Ne3 Rd6
21. g4 Kg6 22. Rxd6 cxd6 23. Rd1 d5 24. Kg3 Bc8 25. Kf2 Be6 26. Kg3 Bc8 27. Kf2
Be6 1/2-1/2

[Event "M.Chigorin Memorial 2014"]
[Site "St. Petersburg"]
[Date "2014.10.20"]
[Round "3.34"]
[White "Khairullin, Ildar"]
[Black "Golubov, Saveliy"]
[Result "1/2-1/2"]
[WhiteElo "2643"]
[BlackElo "2347"]
[PlyCount "64"]
[EventDate "2014.10.18"]
[EventType "swiss"]
[EventCountry "RUS"]

1. c4 Nf6 2. Nc3 e6 3. e4 d5 4. e5 d4 5. exf6 dxc3 6. bxc3 Qxf6 7. d4 c5 8. Nf3
h6 9. Bd3 Nc6 10. O-O Bd6 11. Be3 O-O 12. dxc5 Bf4 13. Bxf4 Qxf4 14. Qe2 Qc7
15. Rfe1 Re8 16. Nd4 Ne7 17. Qh5 Bd7 18. Re3 Nf5 19. Bxf5 exf5 20. Nxf5 g6 21.
Nxh6+ Kg7 22. Qh4 Rxe3 23. fxe3 Qxc5 24. Nxf7 Kxf7 25. Qh7+ Ke8 26. Rd1 Bf5 27.
Rd4 Qe7 28. Qh8+ Qf8 29. Qe5+ Qe7 30. Qh8+ Qf8 31. Qe5+ Qe7 32. Qh8+ Qf8
1/2-1/2

[Event "M.Chigorin Memorial 2014"]
[Site "St. Petersburg"]
[Date "2014.10.20"]
[Round "3.35"]
[White "Duzhakov, Ilya"]
[Black "Kokarev, Dmitry"]
[Result "1/2-1/2"]
[WhiteElo "2341"]
[BlackElo "2626"]
[PlyCount "81"]
[EventDate "2014.10.18"]
[EventType "swiss"]
[EventCountry "RUS"]

1. d4 Nf6 2. c4 g6 3. Nc3 Bg7 4. e4 d6 5. f3 O-O 6. Be3 b6 7. Bd3 a6 8. Nge2 c5
9. e5 Nfd7 10. exd6 exd6 11. O-O Nc6 12. Be4 Bb7 13. Qd2 Nf6 14. Bxc6 Bxc6 15.
Bh6 b5 16. Bxg7 Kxg7 17. d5 Bd7 18. Ng3 bxc4 19. Nce4 Nxe4 20. Nxe4 Bf5 21.
Qc3+ f6 22. Rfe1 Re8 23. Qxc4 Qa5 24. Qc3 Qxc3 25. Nxc3 Kf7 26. Kf2 g5 27. Na4
Rab8 28. b3 Rxe1 29. Rxe1 c4 30. Nb2 cxb3 31. axb3 Rb5 32. Nc4 Rxd5 33. Ra1 Bc8
34. Nb6 Rd2+ 35. Ke3 Rc2 36. Nxc8 Rxc8 37. Rxa6 Rc3+ 38. Kd2 Rxb3 39. Kc2 Re3
40. Rxd6 Re2+ 41. Rd2 1/2-1/2

[Event "M.Chigorin Memorial 2014"]
[Site "St. Petersburg"]
[Date "2014.10.20"]
[Round "3.36"]
[White "Kowsarinia, Amir"]
[Black "Potkin, Vladimir"]
[Result "0-1"]
[WhiteElo "2331"]
[BlackElo "2610"]
[PlyCount "66"]
[EventDate "2014.10.18"]
[EventType "swiss"]
[EventCountry "RUS"]

1. d4 Nf6 2. c4 e6 3. Nf3 d5 4. Nc3 c6 5. Bg5 h6 6. Bh4 dxc4 7. e4 g5 8. Bg3 b5
9. Be2 Bb7 10. h4 g4 11. Ne5 Nbd7 12. Bxg4 Rg8 13. Nxd7 Qxd7 14. Bf3 O-O-O 15.
Qd2 c5 16. Qf4 Rxg3 17. fxg3 cxd4 18. Qxf6 dxc3 19. Qxc3 Bc5 20. Rd1 Bd4 21.
Qc2 Qc7 22. Kf1 Qe5 23. b3 c3 24. b4 a5 25. a3 axb4 26. axb4 Kb8 27. g4 f6 28.
Rh3 Rc8 29. Rb1 Rc4 30. Rb3 Bb6 31. Rh1 Bxe4 32. Bxe4 Rxe4 33. Qxc3 Rf4+ 0-1

[Event "M.Chigorin Memorial 2014"]
[Site "St. Petersburg"]
[Date "2014.10.20"]
[Round "3.37"]
[White "Musaev, Rasul"]
[Black "Savchenko, Boris"]
[Result "1/2-1/2"]
[WhiteElo "2316"]
[BlackElo "2608"]
[PlyCount "116"]
[EventDate "2014.10.18"]
[EventType "swiss"]
[EventCountry "RUS"]

1. e4 e6 2. d4 d5 3. Nc3 Bb4 4. e5 c5 5. a3 Bxc3+ 6. bxc3 Ne7 7. Nf3 Qa5 8. Bd2
Qa4 9. h4 b6 10. h5 h6 11. Rh4 Nf5 12. Rf4 cxd4 13. g4 Ne7 14. Nxd4 Qd7 15. Qf3
Nec6 16. Bb5 Bb7 17. Rb1 Qc7 18. Be3 Qe7 19. Kd2 O-O 20. Bxc6 Bxc6 21. Qg3 Kh7
22. Rf3 Ba4 23. g5 Nd7 24. gxh6 gxh6 25. Qf4 Qg5 26. Nxe6 fxe6 27. Qxa4 Nc5 28.
Bxg5 Nxa4 29. Rxf8 Rxf8 30. Be3 Rf5 31. Rb4 Nc5 32. Bxc5 bxc5 33. Rb7+ Kg8 34.
Rxa7 Rxe5 35. Rc7 Rxh5 36. a4 Rh4 37. a5 Ra4 38. Rxc5 Kf7 39. Ke3 h5 40. c4 h4
41. cxd5 exd5 42. Rxd5 h3 43. f3 Kg6 44. Kf2 Ra3 45. Rd3 Rxa5 46. Kg3 Rh5 47.
Rd6+ Kf7 48. Rd2 Ke6 49. Rh2 Rc5 50. Kxh3 Kf5 51. Kg3 Rc3 52. Re2 Rc4 53. Kf2
Kf4 54. Rd2 Rc3 55. Rd4+ Kf5 56. Rd2 Kf4 57. Rd4+ Kf5 58. Kg3 Rxc2 1/2-1/2

[Event "M.Chigorin Memorial 2014"]
[Site "St. Petersburg"]
[Date "2014.10.20"]
[Round "3.38"]
[White "Timofeev, Artyom"]
[Black "Demianjuk, Alexander"]
[Result "0-1"]
[WhiteElo "2598"]
[BlackElo "2342"]
[PlyCount "112"]
[EventDate "2014.10.18"]
[EventType "swiss"]
[EventCountry "RUS"]

1. d4 Nf6 2. c4 e6 3. Nc3 Bb4 4. f3 c5 5. d5 O-O 6. e4 b5 7. e5 Ne8 8. f4 exd5
9. cxd5 d6 10. Nf3 Nc7 11. Bd3 c4 12. Bc2 f5 13. O-O g6 14. Be3 Bb7 15. Bf2
dxe5 16. Bh4 Qd7 17. fxe5 Nxd5 18. Nxd5 Bxd5 19. a4 Bc5+ 20. Bf2 Bxf2+ 21. Rxf2
b4 22. Rd2 Bxf3 23. gxf3 Qc7 24. Rd6 Qc5+ 25. Qd4 Qxd4+ 26. Rxd4 Nc6 27. Rxc4
Nxe5 28. Rxb4 Rab8 29. Rb3 Kg7 30. f4 Rxb3 31. Bxb3 Nd3 32. Rd1 Nxf4 33. Rd7+
Kh6 34. Rxa7 Rb8 35. Bc4 Rxb2 36. a5 Nh3+ 37. Kf1 f4 38. Rf7 Rb4 39. Bd3 Ng5
40. Re7 Rb3 41. Bc4 Rf3+ 42. Ke1 Rc3 43. Be2 Nf3+ 44. Bxf3 Rxf3 45. Re4 Ra3 46.
Rxf4 Rxa5 47. Kf2 Rf5 48. Kg3 Rxf4 49. Kxf4 Kh5 50. Kg3 Kg5 51. h3 Kf5 52. Kf3
g5 53. Kg3 h6 54. Kf3 h5 55. Ke3 Ke5 56. Kf3 Kd5 0-1

[Event "M.Chigorin Memorial 2014"]
[Site "St. Petersburg"]
[Date "2014.10.20"]
[Round "3.39"]
[White "Yemelin, Vasily"]
[Black "Bublei, Pavel"]
[Result "1-0"]
[WhiteElo "2568"]
[BlackElo "2339"]
[PlyCount "83"]
[EventDate "2014.10.18"]
[EventType "swiss"]
[EventCountry "RUS"]

1. d4 Nf6 2. c4 e6 3. Nc3 Bb4 4. Qc2 O-O 5. a3 Bxc3+ 6. Qxc3 b6 7. Nf3 Bb7 8.
e3 d5 9. cxd5 exd5 10. b4 Nbd7 11. Qb3 Ne4 12. Be2 Re8 13. O-O Nf8 14. a4 Ng6
15. b5 Bc8 16. Ne1 Be6 17. Ra2 Nh4 18. f3 Nd6 19. Nd3 Ng6 20. Rc2 Nf5 21. Qc3
Rc8 22. Nf2 h5 23. Rd1 Nd6 24. e4 dxe4 25. fxe4 Bg4 26. Nxg4 Nxe4 27. Qc6 hxg4
28. Bxg4 Rb8 29. Qxc7 Qh4 30. Bd7 Red8 31. Be3 Nf6 32. Bc6 Ng4 33. Bf2 Qh5 34.
Bf3 Rbc8 35. Qxc8 Qxh2+ 36. Kf1 Rxc8 37. Rxc8+ Kh7 38. Bxg4 Qh1+ 39. Bg1 Qh4
40. Bf3 Ne7 41. Re8 Nf5 42. Be4 1-0

[Event "M.Chigorin Memorial 2014"]
[Site "St. Petersburg"]
[Date "2014.10.20"]
[Round "3.40"]
[White "Lintchevski, Daniil"]
[Black "Biriukov, Oleg V"]
[Result "1-0"]
[WhiteElo "2555"]
[BlackElo "2327"]
[PlyCount "101"]
[EventDate "2014.10.18"]
[EventType "swiss"]
[EventCountry "RUS"]

1. g3 d5 2. Nf3 c5 3. Bg2 Nc6 4. d4 Nf6 5. O-O e6 6. c4 dxc4 7. dxc5 Qxd1 8.
Rxd1 Bxc5 9. Nbd2 c3 10. bxc3 O-O 11. Nb3 Be7 12. Nfd4 Bd7 13. Nxc6 Bxc6 14.
Bxc6 bxc6 15. c4 a5 16. Bg5 a4 17. Nd4 Rfc8 18. Rab1 Bc5 19. Bxf6 gxf6 20. Nf3
Rd8 21. Ne1 Rxd1 22. Rxd1 Rb8 23. Nd3 Ba3 24. f3 Rd8 25. e3 Kf8 26. Kf2 Ke7 27.
Ke2 Rb8 28. Kd2 Kd6 29. Kc2 Kc7 30. Rg1 Bf8 31. g4 Bd6 32. f4 Kd7 33. Rg3 Rg8
34. Nf2 Ke7 35. Rh3 Rg7 36. Rh6 f5 37. g5 Bc5 38. Kd2 Bb4+ 39. Ke2 Bd6 40. Nd3
Kf8 41. c5 Be7 42. Kd2 Kg8 43. Kc3 Kh8 44. Kc4 Bd8 45. Ne5 Bc7 46. Nxc6 Rg8 47.
Ne5 Bxe5 48. fxe5 Rxg5 49. c6 Rg2 50. Rh4 Rxa2 51. Kc5 1-0

[Event "M.Chigorin Memorial 2014"]
[Site "St. Petersburg"]
[Date "2014.10.20"]
[Round "3.41"]
[White "Basso, Pier Luigi"]
[Black "Tukhaev, Adam"]
[Result "1/2-1/2"]
[WhiteElo "2312"]
[BlackElo "2551"]
[PlyCount "76"]
[EventDate "2014.10.18"]
[EventType "swiss"]
[EventCountry "RUS"]

1. c4 Nf6 2. g3 e5 3. Bg2 c6 4. Nc3 d5 5. d4 e4 6. cxd5 cxd5 7. Bg5 Nbd7 8. Qb3
h6 9. Bf4 Qa5 10. Bd2 Qb6 11. Nxd5 Nxd5 12. Qxd5 Nf6 13. Qb3 Qxb3 14. axb3 Be6
15. f3 Bd5 16. fxe4 Bxe4 17. Bxe4 Nxe4 18. Nh3 Be7 19. Nf2 Nd6 20. e3 a6 21.
Ke2 O-O-O 22. Nd3 Ne4 23. Ne5 Rd5 24. Ra5 Rhd8 25. Nc4 Kb8 26. Rha1 f5 27. Be1
Rxa5 28. Rxa5 b5 29. Ne5 Kb7 30. Ra1 Rc8 31. Kd3 h5 32. b4 Rc7 33. Ng6 Bg5 34.
h4 Bh6 35. Nf8 Re7 36. Ng6 Rc7 37. Nf8 Re7 38. Ng6 Rc7 1/2-1/2

[Event "M.Chigorin Memorial 2014"]
[Site "St. Petersburg"]
[Date "2014.10.20"]
[Round "3.42"]
[White "Harika, Dronavalli"]
[Black "Polyaninov, Aleksey"]
[Result "1/2-1/2"]
[WhiteElo "2528"]
[BlackElo "2295"]
[PlyCount "240"]
[EventDate "2014.10.18"]
[EventType "swiss"]
[EventCountry "RUS"]

1. Nf3 Nf6 2. c4 e6 3. g3 b6 4. Bg2 Bb7 5. O-O Be7 6. d4 O-O 7. d5 exd5 8. Nh4
c6 9. cxd5 Nxd5 10. Nf5 Na6 11. e4 Ndc7 12. Nc3 d5 13. exd5 cxd5 14. Bf4 Bf6
15. Re1 Nc5 16. Rc1 d4 17. Bxb7 Nxb7 18. Bxc7 Qxc7 19. Nd5 Qd8 20. Qf3 Nc5 21.
Rcd1 Kh8 22. Nh6 Nd7 23. Ng4 Rc8 24. Re2 a5 25. Ngxf6 Nxf6 26. Nxf6 Qxf6 27.
Qxf6 gxf6 28. Rxd4 Rfd8 29. Rh4 Rd5 30. b4 a4 31. b5 Rxb5 32. Rxa4 Rc7 33. Kg2
Kg7 34. Rg4+ Rg5 35. Rb4 b5 36. h4 Rd5 37. Rg4+ Kf8 38. Rf4 Kg7 39. Rb2 h5 40.
Rb3 Rcc5 41. Rbf3 f5 42. Ra3 Re5 43. Ra7 Re4 44. Rxe4 fxe4 45. Re7 Rc2 46. Rxe4
Rxa2 47. Re5 Kg6 48. Rg5+ Kh6 49. Rxb5 Ra3 50. Rb6+ Kg7 51. Kf1 Ra2 52. Rd6 f6
53. Re6 Kg6 54. Kg2 Rb2 55. Kf3 Ra2 56. Re2 Ra4 57. Re4 Ra2 58. Ke3 Kf5 59.
Rf4+ Ke5 60. Kf3 Ra3+ 61. Kg2 Rb3 62. Rf3 Rb2 63. Kh3 Rb4 64. Kg2 Ra4 65. Rd3
Kf5 66. Rd5+ Kg6 67. Kf3 Ra2 68. Ke3 Rb2 69. Rd2 Rb4 70. Rd4 Rb2 71. Ra4 Rc2
72. f3 Rc1 73. Kf4 Rb1 74. Re4 Rh1 75. Re8 Kf7 76. Rd8 Kg6 77. Rd2 Rh3 78. Rd1
Rh2 79. Rg1 Ra2 80. Re1 Rh2 81. Rd1 Ra2 82. Rd4 Rh2 83. Rc4 Rh1 84. Rc8 Rh2 85.
Rc1 Ra2 86. Re1 Rh2 87. Rd1 Ra2 88. Rd8 Ra4+ 89. Ke3 Ra3+ 90. Rd3 Ra4 91. Rd2
Kf5 92. Kf2 Ra3 93. Kg2 Rb3 94. Rd4 Rb2+ 95. Kh3 Rb3 96. Rf4+ Kg6 97. g4 hxg4+
98. Kxg4 Rb5 99. Rc4 Ra5 100. Kg3 Rb5 101. Rc8 Rb4 102. Rg8+ Kf7 103. Rg4 Rb5
104. Kh3 Ra5 105. Rg3 Rb5 106. Kg4 Kg6 107. Kf4+ Kf7 108. Rg4 Ra5 109. Rg2 Rb5
110. Rh2 Kg6 111. Rg2+ Kf7 112. Kg4 Kg6 113. Rh2 Rb4+ 114. Kg3 Rb5 115. Ra2 Rc5
116. Ra8 Rb5 117. Rf8 Kg7 118. Ra8 Kg6 119. Kg4 Rb4+ 120. Kg3 Rb5 1/2-1/2

[Event "M.Chigorin Memorial 2014"]
[Site "St. Petersburg"]
[Date "2014.10.20"]
[Round "3.43"]
[White "Yakovich, Yuri"]
[Black "Yeletsky, Ivan"]
[Result "1-0"]
[WhiteElo "2523"]
[BlackElo "2284"]
[PlyCount "109"]
[EventDate "2014.10.18"]
[EventType "swiss"]
[EventCountry "RUS"]

1. c4 Nf6 2. Nc3 d5 3. cxd5 Nxd5 4. g3 g6 5. Bg2 Nb6 6. d3 Bg7 7. Be3 Nc6 8.
Nf3 O-O 9. Qd2 e5 10. Bh6 Nd4 11. Bxg7 Nxf3+ 12. Bxf3 Kxg7 13. O-O c6 14. b4
Be6 15. Rfc1 Nc4 16. Qc2 Nd6 17. a4 Rc8 18. Qb2 f5 19. b5 Qf6 20. bxc6 bxc6 21.
Rab1 f4 22. Qa3 Bh3 23. Qc5 Rf7 24. Ne4 Nxe4 25. Bxe4 h5 26. gxf4 Qxf4 27. Qe3
Qxe3 28. fxe3 c5 29. Rb5 c4 30. Bg2 Bg4 31. Bd5 Rfc7 32. Bxc4 Bxe2 33. Re1 Bg4
34. Rxe5 Rb8 35. Rb5 Re8 36. e4 Bf3 37. e5 Bg4 38. Kf2 Rf8+ 39. Ke3 Rd7 40. Bd5
Kh6 41. Rc1 Kg5 42. Be4 Kh4 43. d4 Rdf7 44. Rbc5 Rf2 45. R5c2 R2f7 46. d5 Rb7
47. e6 Rb3+ 48. Rc3 Rb2 49. R1c2 Rb1 50. e7 Re1+ 51. Kd4 Rb8 52. d6 Be6 53.
Bxg6 Rb4+ 54. Kc5 a5 55. Rc4+ 1-0

[Event "M.Chigorin Memorial 2014"]
[Site "St. Petersburg"]
[Date "2014.10.20"]
[Round "3.44"]
[White "Demidov, Mikhail"]
[Black "Ovchinnikov, Vsevolod"]
[Result "1-0"]
[WhiteElo "2516"]
[BlackElo "2272"]
[PlyCount "93"]
[EventDate "2014.10.18"]
[EventType "swiss"]
[EventCountry "RUS"]

1. e4 e6 2. d4 d5 3. exd5 exd5 4. Nf3 Bd6 5. c4 Nf6 6. Nc3 O-O 7. Bd3 Re8+ 8.
Be3 Nc6 9. O-O dxc4 10. Bxc4 Na5 11. Bd3 Bg4 12. h3 Bh5 13. Bg5 Bg6 14. Qd2 Nc6
15. Rfe1 Be7 16. Bb5 a6 17. Bxc6 bxc6 18. Ne5 Bf8 19. Nxc6 Qd6 20. Ne5 Rad8 21.
Rad1 c5 22. Nxg6 hxg6 23. d5 Rxe1+ 24. Rxe1 Re8 25. Rxe8 Nxe8 26. Bf4 Qd7 27.
Qe2 a5 28. Qb5 Qxb5 29. Nxb5 Nf6 30. Nc3 c4 31. a3 Bc5 32. Bc7 Bd4 33. Bxa5
Bxc3 34. Bxc3 Nxd5 35. a4 f6 36. a5 Nc7 37. f4 Kf7 38. Kf2 Ke6 39. Ke3 Kd5 40.
g4 Na6 41. g5 f5 42. Bxg7 Nc7 43. h4 Kc5 44. Kf3 Nd5 45. Kg3 Kb5 46. Bc3 Ne7
47. Bd2 1-0

[Event "M.Chigorin Memorial 2014"]
[Site "St. Petersburg"]
[Date "2014.10.20"]
[Round "3.45"]
[White "Palchun, Grigory"]
[Black "Prizant, Jaroslav"]
[Result "0-1"]
[WhiteElo "2284"]
[BlackElo "2511"]
[PlyCount "72"]
[EventDate "2014.10.18"]
[EventType "swiss"]
[EventCountry "RUS"]

1. e4 c5 2. Nc3 d6 3. g3 Nc6 4. Bg2 g6 5. d3 Bg7 6. f4 e6 7. Nf3 Nge7 8. O-O
O-O 9. Be3 b6 10. Bf2 Qd7 11. d4 Ba6 12. Re1 Rfd8 13. e5 cxd4 14. Nxd4 Bb7 15.
Nxc6 Bxc6 16. exd6 Nf5 17. Qd3 Bxg2 18. Kxg2 Qc6+ 19. Qf3 Qxf3+ 20. Kxf3 Bxc3
21. bxc3 Rac8 22. Bd4 Nxd4+ 23. cxd4 Rxd6 24. Rad1 Rxc2 25. Re2 Rc4 26. Ke4 Rd5
27. g4 Ra5 28. Rdd2 Rc3 29. Re3 f5+ 30. gxf5 gxf5+ 31. Kf3 Rxe3+ 32. Kxe3 Ra3+
33. Kf2 Kf7 34. Rc2 h6 35. h4 Kg6 36. Re2 Kf6 0-1

[Event "M.Chigorin Memorial 2014"]
[Site "St. Petersburg"]
[Date "2014.10.20"]
[Round "3.46"]
[White "Airapetian, Gor"]
[Black "Guzenko, Artem"]
[Result "1/2-1/2"]
[WhiteElo "2502"]
[BlackElo "2258"]
[PlyCount "80"]
[EventDate "2014.10.18"]
[EventType "swiss"]
[EventCountry "RUS"]

1. d4 Nf6 2. c4 c5 3. d5 g6 4. Nc3 Bg7 5. e4 O-O 6. Nf3 e6 7. Nd2 exd5 8. cxd5
Re8 9. Be2 d6 10. O-O a6 11. a4 Nbd7 12. Re1 Rb8 13. Qc2 Nb6 14. h3 Na8 15. Nc4
Nb6 16. Na3 Nfd7 17. Bd2 Bd4 18. a5 Na8 19. Nc4 Ne5 20. Nxe5 Bxe5 21. Nd1 Nc7
22. Bc3 Qg5 23. Bxe5 Rxe5 24. Ra3 Bd7 25. b4 Rbe8 26. Re3 f5 27. bxc5 f4 28.
Rf3 Rxe4 29. Nc3 R4e5 30. Rd1 dxc5 31. Qb2 Nb5 32. Bxb5 axb5 33. Nxb5 Re1+ 34.
Rxe1 Rxe1+ 35. Kh2 Bxh3 36. Rxh3 f3 37. Rxf3 Qh4+ 38. Rh3 Qf4+ 39. Rg3 Qh4+ 40.
Rh3 Qf4+ 1/2-1/2